Monte Carlo and quasi-monte carlo method 2006 (Record no. 21288)
[ view plain ]
| 000 -LEADER | |
|---|---|
| fixed length control field | 00960nam a2200289Ia 4500 |
| 003 - CONTROL NUMBER IDENTIFIER | |
| control field | OSt |
| 005 - DATE AND TIME OF LATEST TRANSACTION | |
| control field | 20220912145029.0 |
| 008 - FIXED-LENGTH DATA ELEMENTS--GENERAL INFORMATION | |
| fixed length control field | 220909b |||||||| |||| 00| 0 eng d |
| 020 ## - INTERNATIONAL STANDARD BOOK NUMBER | |
| International Standard Book Number | 9783540744955 (pbk) |
| 037 ## - SOURCE OF ACQUISITION | |
| Terms of availability | Textual |
| 040 ## - CATALOGING SOURCE | |
| Original cataloging agency | CSL |
| Language of cataloging | eng |
| Transcribing agency | CSL |
| 041 ## - LANGUAGE CODE | |
| Language code of text/sound track or separate title | eng |
| 100 ## - MAIN ENTRY--PERSONAL NAME | |
| Personal name | Keller Alexander Ed. |
| 245 #0 - TITLE STATEMENT | |
| Title | Monte Carlo and quasi-monte carlo method 2006 |
| 260 ## - PUBLICATION, DISTRIBUTION, ETC. | |
| Place of publication, distribution, etc. | Berlin |
| Name of publisher, distributor, etc. | Springer |
| Date of publication, distribution, etc. | 2008 |
| 300 ## - PHYSICAL DESCRIPTION | |
| Extent | x, 698p. |
| Dimensions | cm. |
| 500 ## - GENERAL NOTE | |
| General note | Includes bibliographical references.; Appendix 686-696p.; Index 697-698p. |
| 700 ## - ADDED ENTRY--PERSONAL NAME | |
| Personal name | Heinrich Stefan Ed. |
| 700 ## - ADDED ENTRY--PERSONAL NAME | |
| Personal name | Niedrreiter Harald Ed. |
| 942 ## - ADDED ENTRY ELEMENTS (KOHA) | |
| Classification part | B28, P8 TB |
| Koha item type | Textual |
| Source of classification or shelving scheme | Colon Classification (CC) |
| Withdrawn status | Lost status | Damaged status | Not for loan | Home library | Current library | Date acquired | Source of acquisition | Total Checkouts | Full call number | Barcode | Date last seen | Price effective from | Koha item type |
|---|---|---|---|---|---|---|---|---|---|---|---|---|---|
| Central Science Library | Central Science Library | 2022-09-12 | 2669, 13/08/2008, Unilib Book Distributors | B28 P8 TB | SL1382010 | 2022-09-12 | 2022-09-12 | Textual |
